| 000 | 00652nam a2200205 i 4500 | ||
|---|---|---|---|
| 001 | 27763 | ||
| 003 | ES-MaACL | ||
| 005 | 20230906153714.0 | ||
| 007 | t| | ||
| 008 | 030115s1878 sp ||||1| spa d | ||
| 080 | _a595.4 | ||
| 100 | 1 |
_aBabaz, J. M. _924404 |
|
| 245 | 1 | 3 |
_aEl vuelo de los aragnidos [sic] _b: memoria presentada a la Academia de Ciencias de París / _cpor J. M. Babaz ; traducido por Carlos de Camps. |
| 260 |
_aBarcelona : _b[s.n., _c1878] |
||
| 300 |
_a8 p. ; _c22 cm. |
||
| 650 | 4 |
_aArañas. _9142694 |
|
| 700 | 1 |
_aCamps, Cárlos de. _9142695 |
|
| 710 | 2 |
_aAcademia de Ciencias de París. _91169 |
|
| 852 |
_aES-MaACL _jT-432-F-3 |
||
| 999 |
_c27763 _d27763 |
||